Dlhodobý majetok v účtovníctve rozpočtových organizácií, príspevkových organizácií a obcí v kontexte slovenskej právnej úpravy a IPSAS diplomová práca
Guardado en:
| Autor principal: | |
|---|---|
| Autor Corporativo: | |
| Otros Autores: | |
| Formato: | Libro |
| Lenguaje: | eslovaco |
| Publicado: |
Bratislava
2010
|
| Etiquetas: |
Sin Etiquetas, Sea el primero en etiquetar este registro!
|
MARC
| LEADER | 00000nam$a2200000$$$4500 | ||
|---|---|---|---|
| 001 | 0119579 | ||
| 005 | 20240318121943.3 | ||
| 041 | 0 | |a slo | |
| 044 | |a SK | ||
| 245 | 1 | 0 | |a Dlhodobý majetok v účtovníctve rozpočtových organizácií, príspevkových organizácií a obcí v kontexte slovenskej právnej úpravy a IPSAS |b diplomová práca |c Ján Mičega ; škol. Marianna Kršeková |
| 264 | 1 | |a Bratislava |c 2010 | |
| 300 | |a 74 s. | ||
| 100 | 1 | |a Mičega, Ján | |
| 700 | 1 | |a Kršeková, Marianna | |
| 710 | 2 | |a Fakulta hospodárskej informatiky EU. Katedra účtovníctva a audítorstva | |